000 01238nam a22002657a 4500
005 20170124103028.0
010 _aA-611633
020 _c70.00
035 _aA-611633
037 _bCen Lib/Ret
040 _aDPL
_bHN
082 _a
_bशर्माभ
100 _aशर्मा, भगवती कुमार
_962818
245 _aद्वार नहीं खुले :
_cभगवती कुमार शर्मा; अनुवादक सरला जगमोहन
_bकहानी संग्रह /
246 _aDvar nahin khule : kahani sangreh /
_bby Bhagwati Kumar Sharma; anuvadak Sarala Jagmohan
260 _aनयी दिल्ली
_bभारतीय ज्ञानपीठ
_c1992
270 _bनयी दिल्ली
_a18, इंस्टीट्युशनल एरिया, लोधी रोड
_e110003
300 _axii, 172पृ.
_c21सेमी(सजिल्द)
650 _aगुजरती साहित्य
_962819
650 _aकहानियां
_962820
650 _aGujrati literature
_929154
650 _aStories
_97500
700 _aजगमोहन, सरला
_962821
942 _2ddc
_cHN
_h
_mशर्माभ
999 _c115704
_d115704